1102 1017 1524 1250 1427 1506 1320 1202 1986 1473 1363 1499 1063 1788 1328 1808 1447 1998 1131 1167 1667 1772 1469 1363 1319 1585 1928 1093 1043 1211 1116 1803 1844 1534 1047 1533 1375 1701 1279 1298 1901 1281 1967 1819 1255 1382 1048 1936 1986 1868 1171 1748 1705 1391 1512 1582 1572 1241 1238 1548 1090 1866 1114 1032 1271 1133 1300 1990 1328 1989 1069 1253 1435 1179 1555 1166 1657 1785 1833 1872 1716 1546 1885 1020 1916 1053 1581 1627 1801 1688 1533 1000 1885 1962 1602 1821 1837 1333 1902 BCNSPRNW ULIB Ver.6.0+V

เปลี่ยนเป็นภาษาไทย

Change to English
 แสดงรายละเอียดบรรณานุกรม
  กลับหน้าหลัก

Brief Record : Get Marc (ISO 2709) : E-mail record : QR code < ปิดหน้าต่าง
LEADER : 00000nam 2200000uu 4500
001    13399120438
003     ULIB
008    120920s2548||||th 000 0 tha d
020    ^a9749940601
060 04 ^aWB115^bจ548ธ 2548
110 1  ^aจุฬาลงกรณ์มหาวิทยาลัย^bคณะแพทย์ศาสตร์^bภาควิชาอายุรศาสตร์
245 00 ^aเวชศาสตร์ร่วมสมัย 2548:การประชุมวิชาการประจำปีครั้งที่ 46=^bFrom Basic Science to Clinical Practice /^cบรรณาธิการ, ธานินทร์ อินทรกำชัย,ชุษณา สวนกระต่าย
246 14 ^aFrom Basic Science to Clinical Practice
250    ^aพิมพ์ครั้งที่ 1
260    ^aกรุงเทพฯ :^bภาควิชาศัลยศาสตร์ คณะแพทยศาสตร์จุฬาลงกรณ์มหาวิทยาลัย,^c2548
300    ^a219 หน้า :^bภาพประกอบ .
500    ^aชื่อเรืองที่ปกนอก: เวชศาสตร์ร่วมสมัย 2548 :การประชุมวิชาการประจำปี ครั้งที่ 46 คณะแพทยศาสตร์ จุฬาลงกรณ์มหาวิทยาลัย 23-27 มิถุนายน 2546
650  7 ^aโรคไหลตาย
650  7 ^aโรคไข้เลือดออกในผู้ใหญ่
650  7 ^aมะเร็งปอด
650  7 ^aท้องผูกจากโรคลำไส้ผิดปกติ
650  7 ^aไขมันในเลือด
700 0  ^aธานินทร์ อินทรกำชัย,^eบรรณาธิการ
700 0  ^aชุษณา สวนกระต่าย,^eบรรณาธิการ
711 2  ^aการประชุมวิชาการประจำปีคณะแพทยศาสตร์ จุฬาลงกรณ์มหาวิทยาลัย^n(ครั้งที่ 46 :^d2548 :^cกรุงเทพฯ)
945    ^p0^l0^i13844
995    ^aกัณชพร
999 ^a ใช้งานได้ทุกระบบ
รายการนี้ยังไม่มีแท็ก
คุณยังไม่ได้ล็อกอิน คุณสามารถมีกิจกรรมร่วมกับเว็บไซต์ได้ แต่ต้องล็อกอินก่อน ::
  ล็อกอิน

รายการสื่อสารสนเทศ

ลำดับที่ ประเภท เลขเรียก/บาร์โค้ด สถานที่ สถานะ
1. วิทยาศาสตร์การแพทย์ และสุขภาพ
วิทยาศาสตร์การแพทย์ และสุขภาพ
WB115 จ548ธ 2548 ฉ.2 
  Barcode: 13844
ห้องสมุดวิทยาเขตสวรรค์ประชารักษ์
►หนังสือทั่วไป
ถูกยืม กำหนดส่งวันที่ 11 พฤษภาคม 2558
  จอง

รายการใกล้เคียง
    หัวเรื่อง [ไขมันในเลือด]

BibComment


ยังไม่เคยถูกคอมเมนท์

คอมเมนท์ทรัพยากรรายการนี้
  คอมเมนท์: เวชศาสตร์ร่วมสมั..


 Copyright 2026. Bcnsprnw @Library